000 00512nam a22001937a 4500
003 OSt
005 20170105103441.0
008 120424t xxu||||| |||| 00| 0 eng d
020 _a 0387953698
040 _aASAB
_cASAB
050 _a571.6 , FAL
100 _aChristopher P Fall and Eric S Marland
_9122
245 _aComputational Cell Biology
_cChristopher P Fall
260 _aIndia
_bSpringer
300 _a468
440 _aComputational Cell Biology
_9123
650 _aCell Biology
_9124
942 _2ddc
_cBK
999 _c16465
_d16465